[Event "Chigorin Memorial 22nd"]
[Site "St Petersburg"]
[Date "2014.10.26"]
[Round "9"]
[White "Tseitlin, Mark D"]
[Black "Zhuk, Valeriy"]
[Result "0-1"]
[WhiteElo "2320"]
[BlackElo "2076"]
[PlyCount "128"]
[EventDate "2014.10.18"]
[EventType "swiss"]
[EventRounds "9"]
[EventCountry "RUS"]
[SourceTitle "EXT 2015"]
[Source "ChessBase"]
[SourceDate "2014.11.20"]
[SourceVersion "1"]
[SourceVersionDate "2014.11.20"]
[SourceQuality "1"]

1. e4 e6 2. d4 d5 3. Nd2 Be7 4. Ngf3 Nf6 5. e5 Nfd7 6. c3 c5 7. Bd3 b6 8. h4 h6 9. h5 Ba6 10. Bxa6 Nxa6 11. 0-0 b5 12. Nh2 cxd4 13. cxd4 Qb6 14. Qg4 Kf8 15. Nb3 Nb4 16. Be3 a5 17. Rfc1 Nd3 18. Rc2 a4 19. Nc5 Bxc5 20. dxc5 Qc6 21. f4 d4 22. Bxd4 Qe4 23. Bf2 Nxf4 24. Qf3 Qxf3 25. Nxf3 Nd3 26. c6 N7xe5 27. Nxe5 Nxe5 28. Rc5 f6 29. Bg3 Ke7 30. Bxe5 fxe5 31. Rxb5 Rhc8 32. Rb7+ Kd6 33. Rxg7 Rxc6 34. Rd1+ Kc5 35. Rg6 Rb6 36. Rxh6 Rxb2 37. Rxe6 Rxa2 38. Rxe5+ Kc6 39. Rf1 Rb2 40. Rf6+ Kd7 41. Rg5 a3 42. Rg7+ Ke8 43. Kh2 Ra5 44. Rh6 Kf8 45. Rc7 Kg8 46. Rg6+ Kf8 47. Rf6+ Ke8 48. Rh6 Kd8 49. Rg7 Re2 50. Rb7 a2 51. Rh8+ Re8 52. Rb8+ Kc7 53. Rbxe8 a1Q 54. Rh7+ Kd6 55. Rd8+ Kc5 56. Rc8+ Kb4 57. Rb8+ Ka3 58. Re8 Qd4 59. Rhh8 Qf4+ 60. Kh3 Rb5 61. Reg8 Rb3+ 62. g3 Qf5+ 63. Kh4 Rb4+ 64. g4 Qf6+ 0-1

[Event "Chigorin Memorial 22nd"]
[Site "St Petersburg"]
[Date "2014.10.23"]
[Round "6"]
[White "Khadzhiev, Valery"]
[Black "Tseitlin, Mark D"]
[Result "0-1"]
[WhiteElo "2134"]
[BlackElo "2320"]
[PlyCount "80"]
[EventDate "2014.10.18"]
[EventType "swiss"]
[EventRounds "9"]
[EventCountry "RUS"]
[SourceTitle "EXT 2015"]
[Source "ChessBase"]
[SourceDate "2014.11.20"]
[SourceVersion "1"]
[SourceVersionDate "2014.11.20"]
[SourceQuality "1"]

1. d4 Nf6 2. Nf3 g6 3. e3 Bg7 4. Be2 0-0 5. 0-0 d6 6. c4 Nbd7 7. Nc3 e5 8. Qc2 Re8 9. Rd1 e4 10. Nd2 Qe7 11. b4 Nf8 12. Qb3 h5 13. c5 Be6 14. cxd6 cxd6 15. Bc4 Bxc4 16. Qxc4 Rac8 17. Qb3 h4 18. h3 Qd7 19. Nd5 N8h7 20. b5 g5 21. Ba3 Bf8 22. Rdc1 Qf5 23. Nxf6+ Nxf6 24. Rxc8 Rxc8 25. Rf1 d5 26. Bxf8 Kxf8 27. f3 Qe6 28. Qa3+ Kg7 29. Qxa7 Rc2 30. Qa5 b6 31. Qb4 Rxa2 32. Qc3 Qe7 33. Qc1 Qb4 34. Rf2 exf3 35. gxf3 Qxb5 36. Rg2 Qd3 37. Qe1 Kf8 38. Kh1 Qc3 39. Kh2 Nh5 40. f4 Ng3 0-1

[Event "Chigorin Memorial 22nd"]
[Site "St Petersburg"]
[Date "2014.10.22"]
[Round "5"]
[White "Tseitlin, Mark D"]
[Black "Timofeev, Artyom"]
[Result "0-1"]
[WhiteElo "2320"]
[BlackElo "2598"]
[PlyCount "60"]
[EventDate "2014.10.18"]
[EventType "swiss"]
[EventRounds "9"]
[EventCountry "RUS"]
[SourceTitle "EXT 2015"]
[Source "ChessBase"]
[SourceDate "2014.11.20"]
[SourceVersion "1"]
[SourceVersionDate "2014.11.20"]
[SourceQuality "1"]

1. e4 c5 2. Nf3 e6 3. Nc3 Nc6 4. d4 cxd4 5. Nxd4 Qc7 6. Be3 Nf6 7. Qf3 a6 8. 0-0-0 Bb4 9. Nxc6 Bxc3 10. Nd4 Bb4 11. Bf4 e5 12. Bh6 Bf8 13. Bxg7 Bxg7 14. Nf5 0-0 15. Qg3 Ne8 16. Qh4 d6 17. g4 Bxf5 18. gxf5 Qd8 19. Qg3 b5 20. Kb1 Kh8 21. c4 Rb8 22. cxb5 axb5 23. Bd3 d5 24. exd5 Nd6 25. f3 Qf6 26. Be4 Bh6 27. Rd3 Nxf5 28. Qh3 Nd6 29. Re1 b4 30. Rb3 Rfc8 0-1

[Event "Chigorin Memorial 22nd"]
[Site "St Petersburg"]
[Date "2014.10.19"]
[Round "2"]
[White "Tseitlin, Mark D"]
[Black "Ponkratov, Pavel"]
[Result "1-0"]
[WhiteElo "2320"]
[BlackElo "2617"]
[PlyCount "89"]
[EventDate "2014.10.18"]
[EventType "swiss"]
[EventRounds "9"]
[EventCountry "RUS"]
[SourceTitle "EXT 2015"]
[Source "ChessBase"]
[SourceDate "2014.11.20"]
[SourceVersion "1"]
[SourceVersionDate "2014.11.20"]
[SourceQuality "1"]

1. e4 e6 2. d4 d5 3. Nd2 c5 4. Ngf3 cxd4 5. Nxd4 Nf6 6. e5 Nfd7 7. N2f3 Nc6 8. Bf4 Be7 9. c3 g5 10. Bg3 h5 11. h4 g4 12. Nxc6 bxc6 13. Nd4 Qb6 14. b4 Qc7 15. b5 cxb5 16. Nxb5 Qa5 17. Qd4 Bc5 18. Qd2 Ba6 19. a4 Rc8 20. Bd3 Bxb5 21. Bxb5 Bb6 22. 0-0 a6 23. Bxd7+ Kxd7 24. Rfb1 Rc7 25. Kh2 Kc8 26. Rb3 d4 27. Rc1 Rd8 28. Qb2 dxc3 29. Rbxc3 Rdd7 30. Rxc7+ Rxc7 31. Rb1 Rc6 32. Qa3 Bc5 33. Qd3 Qxa4 34. Qh7 Rb6 35. Qg8+ Kc7 36. Rc1 Qd4 37. Qxf7+ Kb8 38. Qxh5 a5 39. Qg6 Ba3 40. Qe8+ Ka7 41. Rc8 Qe4 42. h5 Bb2 43. Rc5 Ka6 44. h6 Qb7 45. Qa4 1-0

[Event "ISR-ch"]
[Site "Beersheba"]
[Date "2014.06.20"]
[Round "4"]
[White "Postny, Evgeny"]
[Black "Tseitlin, Mark D"]
[Result "1-0"]
[WhiteElo "2641"]
[BlackElo "2349"]
[PlyCount "49"]
[EventDate "2014.06.17"]
[EventType "swiss"]
[EventRounds "9"]
[EventCountry "ISR"]
[SourceTitle "CBM 161 Extra"]
[Source "ChessBase"]
[SourceDate "2014.08.29"]
[SourceVersion "1"]
[SourceVersionDate "2014.08.29"]
[SourceQuality "1"]

1. d4 Nf6 2. c4 g6 3. f3 d5 4. cxd5 Nxd5 5. e4 Nb6 6. Be3 Bg7 7. Qd2 0-0 8. f4 Nc6 9. Nf3 Bg4 10. d5 Bxf3 11. gxf3 Nb8 12. h4 c6 13. h5 cxd5 14. hxg6 fxg6 15. Qh2 h6 16. Rg1 d4 17. Bd2 Qd6 18. Bd3 g5 19. e5 Qe6 20. Rxg5 N8d7 21. Be4 Nc5 22. f5 Nxe4 23. Rxg7+ Kxg7 24. fxe6 Ng5 25. Qg2 1-0

[Event "ISR-ch"]
[Site "Beersheba"]
[Date "2014.06.18"]
[Round "2"]
[White "Eliagov, Kafar"]
[Black "Tseitlin, Mark D"]
[Result "0-1"]
[WhiteElo "2268"]
[BlackElo "2349"]
[PlyCount "62"]
[EventDate "2014.06.17"]
[EventType "swiss"]
[EventRounds "9"]
[EventCountry "ISR"]
[SourceTitle "CBM 161 Extra"]
[Source "ChessBase"]
[SourceDate "2014.08.29"]
[SourceVersion "1"]
[SourceVersionDate "2014.08.29"]
[SourceQuality "1"]

1. d4 Nf6 2. Nf3 g6 3. Nc3 d5 4. Bf4 Bg7 5. Qd2 0-0 6. Bh6 Ne4 7. Qe3 Bf5 8. Bxg7 Kxg7 9. g4 Bxg4 10. Nxe4 dxe4 11. Qxe4 Bxf3 12. exf3 c6 13. 0-0-0 Nd7 14. c4 e6 15. h4 Nf6 16. Qe5 h5 17. Rg1 b5 18. Rg3 bxc4 19. Bxc4 Qb8 20. f4 Rd8 21. Rb3 Qd6 22. Rb7 Rd7 23. Rxd7 Qxd7 24. Rd3 Rd8 25. a4 Qd6 26. b3 Rd7 27. a5 Qe7 28. a6 Kh7 29. Kb2 Ng4 30. Qg5 Nxf2 31. Qxe7 Nxd3+ 0-1

[Event "EU-ch Seniors 65 Blitz"]
[Site "Porto"]
[Date "2014.03.21"]
[Round "2"]
[White "Grinberg, Iosif P"]
[Black "Tseitlin, Mark D"]
[Result "0-1"]
[WhiteElo "2112"]
[BlackElo "2341"]
[PlyCount "78"]
[EventDate "2014.03.21"]
[EventType "swiss (blitz)"]
[EventRounds "9"]
[EventCountry "POR"]
[SourceTitle "EXT 2015"]
[Source "ChessBase"]
[SourceDate "2014.11.20"]
[SourceVersion "1"]
[SourceVersionDate "2014.11.20"]
[SourceQuality "1"]

1. d4 Nf6 2. Bf4 c5 3. e3 cxd4 4. exd4 Qb6 5. b3 d5 6. Nf3 Nc6 7. c3 Bg4 8. Bd3 e6 9. h3 Bh5 10. 0-0 Be7 11. Nbd2 0-0 12. Rc1 a5 13. Re1 Rac8 14. Qe2 a4 15. b4 Bg6 16. Ne5 Nxe5 17. Bxe5 Nd7 18. Bf4 Bd6 19. Bxd6 Qxd6 20. Nf3 Nb6 21. Ne5 Bxd3 22. Qxd3 Rc7 23. Re3 Rfc8 24. Rg3 Nc4 25. Ng4 Qf4 26. Ne3 Nxe3 27. Qxe3 Qxe3 28. Rxe3 Rc4 29. b5 Rxd4 30. cxd4 Rxc1+ 31. Kh2 Rc4 32. Rd3 Kf8 33. a3 Ke7 34. Kg3 Kd6 35. Kf4 f6 36. g4 Kc7 37. Ke3 Kb6 38. Rd2 Rc3+ 39. Kf4 g5# 0-1

[Event "EU-ch Seniors 65 Blitz"]
[Site "Porto"]
[Date "2014.03.21"]
[Round "3"]
[White "Tseitlin, Mark D"]
[Black "Gruzmann, Boris"]
[Result "1-0"]
[WhiteElo "2341"]
[BlackElo "2159"]
[PlyCount "75"]
[EventDate "2014.03.21"]
[EventType "swiss (blitz)"]
[EventRounds "9"]
[EventCountry "POR"]
[SourceTitle "EXT 2015"]
[Source "ChessBase"]
[SourceDate "2014.11.20"]
[SourceVersion "1"]
[SourceVersionDate "2014.11.20"]
[SourceQuality "1"]

1. e4 c5 2. Nf3 d6 3. d4 cxd4 4. Nxd4 Nf6 5. Nc3 a6 6. g3 e5 7. Nb3 Be6 8. Bg2 Be7 9. 0-0 0-0 10. Re1 Nbd7 11. Nd2 b5 12. Nf1 Nb6 13. Ne3 Rc8 14. Re2 b4 15. Ncd5 Bxd5 16. exd5 g6 17. Bd2 a5 18. a3 bxa3 19. Rxa3 a4 20. Ba5 Nfd7 21. Rxa4 f5 22. c4 Ra8 23. Ra1 Qc7 24. b3 Bf6 25. Bc3 Rxa1 26. Qxa1 Nc5 27. b4 Nca4 28. Be1 Ra8 29. Qb1 Nxc4 30. Rc2 Nab6 31. Nxc4 Nxc4 32. Qc1 Qb7 33. Rxc4 e4 34. Rc6 Ra1 35. Rc8+ Kg7 36. Rc7+ Kg8 37. Qxa1 Qxc7 38. Qxf6 1-0

[Event "EU-ch Seniors 65 Blitz"]
[Site "Porto"]
[Date "2014.03.21"]
[Round "1"]
[White "Tseitlin, Mark D"]
[Black "Malachi, Avraham"]
[Result "1-0"]
[WhiteElo "2341"]
[BlackElo "2044"]
[PlyCount "30"]
[EventDate "2014.03.21"]
[EventType "swiss (blitz)"]
[EventRounds "9"]
[EventCountry "POR"]
[SourceTitle "EXT 2015"]
[Source "ChessBase"]
[SourceDate "2014.11.20"]
[SourceVersion "1"]
[SourceVersionDate "2014.11.20"]
[SourceQuality "1"]

1. e4 e5 2. Nf3 Nc6 3. d4 exd4 4. Nxd4 Nf6 5. Nxc6 bxc6 6. e5 Qe7 7. Qe2 Nd5 8. Nd2 g6 9. Nf3 Bg7 10. Bg5 Qb4+ 11. c3 Nxc3 12. a3 Qc5 13. Rc1 Nxe2 14. Rxc5 h6 15. Be3 Ba6 1-0

[Event "EU-ch Seniors 65 Rapid"]
[Site "Porto"]
[Date "2014.03.20"]
[Round "6"]
[White "Tseitlin, Mark D"]
[Black "Khmiadashvili, Tamari"]
[Result "1-0"]
[WhiteElo "2353"]
[BlackElo "2026"]
[PlyCount "135"]
[EventDate "2014.03.19"]
[EventType "swiss (rapid)"]
[EventRounds "9"]
[EventCountry "POR"]
[SourceTitle "EXT 2015"]
[Source "ChessBase"]
[SourceDate "2014.11.20"]
[SourceVersion "1"]
[SourceVersionDate "2014.11.20"]
[SourceQuality "1"]

1. e4 e5 2. Nf3 Nc6 3. Bb5 a6 4. Ba4 Be7 5. 0-0 Nf6 6. Re1 b5 7. Bb3 0-0 8. h3 d6 9. c3 Be6 10. d4 Na5 11. Bxe6 fxe6 12. Nbd2 exd4 13. cxd4 Nd7 14. b4 Nc4 15. Nxc4 bxc4 16. d5 Bf6 17. Nd4 Bxd4 18. Qxd4 Qf6 19. Bb2 e5 20. Qd2 a5 21. Bc3 a4 22. Qe2 Nb6 23. Bd2 Qg6 24. f3 Rac8 25. Be3 Rf7 26. Rac1 h5 27. Rf1 Rb8 28. Bxb6 Rxb6 29. Rxc4 Qg5 30. a3 Rb8 31. Rc3 Rbf8 32. Qc2 h4 33. Qxa4 Qd2 34. Qc2 Qd4+ 35. Kh2 Rf6 36. Rxc7 Rg6 37. Qf2 Qd3 38. Rfc1 Rg3 39. Rc8 Qxa3 40. Rxf8+ Kxf8 41. Rb1 Qd3 42. Rb2 Qb5 43. f4 exf4 44. Qxf4+ Kg8 45. Qxh4 Rg6 46. Rf2 Qxb4 47. Qd8+ Kh7 48. Rf8 Rxg2+ 49. Kxg2 Qxe4+ 50. Rf3 Qe2+ 51. Kg3 Qe1+ 52. Rf2 Qe3+ 53. Kg2 Qe4+ 54. Kf1 Qh1+ 55. Ke2 Qe4+ 56. Kd1 Qxd5+ 57. Rd2 Qb3+ 58. Ke2 Qe6+ 59. Kf1 Qf5+ 60. Kg1 Qc5+ 61. Rf2 Qc1+ 62. Kh2 Qe3 63. Qh4+ Kg8 64. Qf4 Qe6 65. Qf8+ Kh7 66. Qf5+ Qxf5 67. Rxf5 Kg6 68. Rd5 1-0

[Event "EU-ch Seniors 65 Rapid"]
[Site "Porto"]
[Date "2014.03.19"]
[Round "1"]
[White "Tseitlin, Mark D"]
[Black "Grabow, Pouelsten Holm"]
[Result "1-0"]
[WhiteElo "2353"]
[BlackElo "2095"]
[PlyCount "64"]
[EventDate "2014.03.19"]
[EventType "swiss (rapid)"]
[EventRounds "9"]
[EventCountry "POR"]
[SourceTitle "EXT 2015"]
[Source "ChessBase"]
[SourceDate "2014.11.20"]
[SourceVersion "1"]
[SourceVersionDate "2014.11.20"]
[SourceQuality "1"]

1. e4 e6 2. d4 d5 3. Nd2 c5 4. Ngf3 cxd4 5. Nxd4 Nc6 6. Bb5 Bd7 7. Nxc6 bxc6 8. Bd3 Ne7 9. 0-0 Ng6 10. f4 Be7 11. Qh5 Qc7 12. Nf3 Nxf4 13. Bxf4 Qxf4 14. Ne5 Qe3+ 15. Kh1 g6 16. Qd1 f6 17. Nxd7 Kxd7 18. exd5 exd5 19. c4 Rad8 20. cxd5 Ke8 21. Re1 Qb6 22. Qe2 Qc7 23. dxc6 Kf8 24. Qe3 Bd6 25. Qh6+ Qg7 26. Qh3 Be5 27. Rxe5 fxe5 28. Rf1+ Ke7 29. Qh4+ Ke8 30. c7 Qxc7 31. Bb5+ Rd7 32. Qf6 Qd8 1-0

[Event "EU-ch Seniors 65 14th"]
[Site "Porto"]
[Date "2014.03.15"]
[Round "7"]
[White "Gruzmann, Boris"]
[Black "Tseitlin, Mark D"]
[Result "1/2-1/2"]
[WhiteElo "2222"]
[BlackElo "2365"]
[PlyCount "38"]
[EventDate "2014.03.09"]
[EventType "swiss"]
[EventRounds "9"]
[EventCountry "POR"]
[SourceTitle "CBM 159 Extra"]
[Source "ChessBase"]
[SourceDate "2014.04.24"]
[SourceVersion "1"]
[SourceVersionDate "2014.04.24"]
[SourceQuality "1"]

1. e4 c5 2. Nf3 d6 3. d4 cxd4 4. Nxd4 Nf6 5. Nc3 a6 6. f4 e5 7. Nf3 Qc7 8. a4 b6 9. Bd3 Be7 10. 0-0 Nbd7 11. Qe1 Bb7 12. Kh1 0-0 13. Nh4 g6 14. f5 Nh5 15. Bh6 Ng7 16. Qg3 Nh5 17. Qh3 Nf4 18. Qg3 Nh5 19. Qh3 Nf4 1/2-1/2

[Event "EU-ch Seniors 65 14th"]
[Site "Porto"]
[Date "2014.03.09"]
[Round "1"]
[White "Milnes, Anthony CP"]
[Black "Tseitlin, Mark D"]
[Result "0-1"]
[WhiteElo "2064"]
[BlackElo "2365"]
[PlyCount "86"]
[EventDate "2014.03.09"]
[EventType "swiss"]
[EventRounds "9"]
[EventCountry "POR"]
[SourceTitle "CBM 159 Extra"]
[Source "ChessBase"]
[SourceDate "2014.04.24"]
[SourceVersion "1"]
[SourceVersionDate "2014.04.24"]
[SourceQuality "1"]

1. f4 c5 2. Nf3 Nf6 3. Nc3 d5 4. e3 Nc6 5. Bb5 Bd7 6. 0-0 e6 7. Bxc6 Bxc6 8. Ne5 Qc7 9. d3 Bd6 10. Nxc6 Qxc6 11. e4 dxe4 12. dxe4 c4 13. Qe2 Bc5+ 14. Kh1 Bd4 15. Re1 0-0-0 16. Bd2 Rd7 17. e5 Bxc3 18. Bxc3 Nd5 19. Qe4 Rhd8 20. h3 g6 21. Re2 Nxc3 22. bxc3 Qxe4 23. Rxe4 b5 24. a4 Rd1+ 25. Rxd1 Rxd1+ 26. Kh2 a6 27. axb5 axb5 28. Re2 Ra1 29. Kg3 Ra3 30. Re3 b4 31. Kf2 b3 32. cxb3 cxb3 33. Re4 Ra2+ 34. Kf3 Rc2 35. Rb4 Rxc3+ 36. Kg4 h6 37. Kh4 Kd7 38. g4 Kc6 39. Rb8 Rf3 40. Rb4 Kc5 41. Rb7 Kc4 42. Rc7+ Kd3 43. Rxf7 Rxf4 0-1

[Event "Gibraltar Masters 12th"]
[Site "Caleta"]
[Date "2014.02.06"]
[Round "10"]
[White "Martinez Reyes, Pedro Ramon"]
[Black "Tseitlin, Mark D"]
[Result "1-0"]
[WhiteElo "2245"]
[BlackElo "2389"]
[PlyCount "37"]
[EventDate "2014.01.28"]
[EventType "swiss"]
[EventRounds "10"]
[EventCountry "GGB"]
[SourceTitle "CBM 159"]
[Source "ChessBase"]
[SourceDate "2014.03.17"]
[SourceVersion "1"]
[SourceVersionDate "2014.03.17"]
[SourceQuality "1"]

1. e4 c5 2. Nf3 d6 3. Bb5+ Nd7 4. d4 Ngf6 5. e5 Qa5+ 6. Nc3 Ne4 7. Rb1 cxd4 8. Qxd4 Nxc3 9. bxc3 a6 10. Bxd7+ Bxd7 11. exd6 Rd8 12. dxe7 Bxe7 13. Qxg7 Rf8 14. 0-0 Bc6 15. Re1 Qc5 16. Bg5 f6 17. Bxf6 Rf7 18. Qg8+ Rf8 19. Bxe7 1-0

[Event "Gibraltar Masters 12th"]
[Site "Caleta"]
[Date "2014.02.03"]
[Round "7"]
[White "Tseitlin, Mark D"]
[Black "Tscharotschkin, Michael"]
[Result "1-0"]
[WhiteElo "2389"]
[BlackElo "2201"]
[PlyCount "121"]
[EventDate "2014.01.28"]
[EventType "swiss"]
[EventRounds "10"]
[EventCountry "GGB"]
[SourceTitle "CBM 159"]
[Source "ChessBase"]
[SourceDate "2014.03.17"]
[SourceVersion "1"]
[SourceVersionDate "2014.03.17"]
[SourceQuality "1"]

1. e4 e6 2. d4 d5 3. Nd2 Nf6 4. e5 Nfd7 5. c3 c5 6. Bd3 Nc6 7. Ngf3 Be7 8. h4 Qb6 9. 0-0 cxd4 10. cxd4 Nxd4 11. Nxd4 Qxd4 12. Nf3 Qg4 13. Be3 Bxh4 14. Rc1 h6 15. Rc3 0-0 16. Be2 Be7 17. Nd4 Qg6 18. Bf4 Qe4 19. Qd2 g5 20. Rg3 Kh8 21. Be3 Nxe5 22. f4 Nc4 23. Bxc4 dxc4 24. fxg5 e5 25. Nf3 Be6 26. Nxe5 Qxe5 27. Bf4 Qc5+ 28. Kh2 Qd5 29. Qe2 Bd6 30. Bxd6 Qxd6 31. Qh5 Bg4 32. Qxg4 Rg8 33. Rf5 Rg6 34. Qxc4 hxg5 35. Rxf7 Rh6+ 36. Kg1 Qb6+ 37. Rf2 Rf6 38. Rgf3 Rxf3 39. gxf3 Rf8 40. Kg2 Qf6 41. Qe4 Rf7 42. b4 g4 43. f4 Re7 44. Qd3 Rc7 45. Qd5 Kg7 46. Kg3 Rc3+ 47. Kxg4 Qg6+ 48. Qg5 Rc4 49. a3 Rc1 50. Qxg6+ Kxg6 51. Rd2 Rg1+ 52. Kf3 Rf1+ 53. Ke4 Re1+ 54. Kd5 Ra1 55. Rd3 Kf5 56. Kd6 Kxf4 57. Kc7 Ke4 58. Rh3 a5 59. b5 Rb1 60. b6 Kd4 61. Kxb7 1-0

[Event "Gibraltar Masters 12th"]
[Site "Caleta"]
[Date "2014.01.31"]
[Round "4"]
[White "Tseitlin, Mark D"]
[Black "Muzychuk, Anna"]
[Result "1-0"]
[WhiteElo "2389"]
[BlackElo "2566"]
[PlyCount "65"]
[EventDate "2014.01.28"]
[EventType "swiss"]
[EventRounds "10"]
[EventCountry "GGB"]
[SourceTitle "CBM 159"]
[Source "ChessBase"]
[SourceDate "2014.03.17"]
[SourceVersion "1"]
[SourceVersionDate "2014.03.17"]
[SourceQuality "1"]

1. e4 c5 2. Nf3 e6 3. Nc3 Nc6 4. Bb5 Nd4 5. 0-0 a6 6. Bd3 Nc6 7. Be2 Qb6 8. a3 Nf6 9. Rb1 Qc7 10. d4 cxd4 11. Nxd4 Nxd4 12. Qxd4 Bd6 13. Kh1 Be5 14. Qe3 b5 15. f4 Bxc3 16. bxc3 Bb7 17. Bf3 Rc8 18. Bd2 Qc5 19. Qe1 Qxa3 20. Qg3 Nxe4 21. Bxe4 Bxe4 22. f5 Qf8 23. c4 f6 24. Bb4 Qf7 25. Rbe1 d5 26. cxd5 Bxd5 27. c4 Bxc4 28. fxe6 Qb7 29. Rf2 Rc6 30. Qg4 a5 31. Rxf6 axb4 32. Rf7 Rxe6 33. Rxe6+ 1-0

[Event "Gibraltar Masters 12th"]
[Site "Caleta"]
[Date "2014.01.28"]
[Round "1"]
[White "Tseitlin, Mark D"]
[Black "Knudsen, Jes West"]
[Result "0-1"]
[WhiteElo "2389"]
[BlackElo "1874"]
[PlyCount "90"]
[EventDate "2014.01.28"]
[EventType "swiss"]
[EventRounds "10"]
[EventCountry "GGB"]
[SourceTitle "CBM 159"]
[Source "ChessBase"]
[SourceDate "2014.03.17"]
[SourceVersion "1"]
[SourceVersionDate "2014.03.17"]
[SourceQuality "1"]

1. e4 d5 2. exd5 Nf6 3. d4 Nxd5 4. Nf3 Bg4 5. Be2 Nc6 6. 0-0 Qd6 7. Nc3 Nxc3 8. bxc3 0-0-0 9. Rb1 f6 10. c4 e5 11. d5 Bxf3 12. Bxf3 Nd4 13. Bg4+ f5 14. Bh3 g6 15. Be3 Qa3 16. Qd2 Nc6 17. c3 Na5 18. Qe2 Bc5 19. Bd2 Qxa2 20. Rfe1 Nxc4 21. Bg5 Qxe2 22. Rxe2 Rxd5 23. g4 h6 24. Bg2 e4 25. Bf6 Rh7 26. gxf5 gxf5 27. Kh1 Rhd7 28. Bh3 Rd1+ 29. Rxd1 Rxd1+ 30. Kg2 Rd5 31. Rxe4 Nd6 32. Rh4 Rd2 33. Rf4 Rxf2+ 34. Rxf2 Bxf2 35. Be5 Be1 36. Bxd6 cxd6 37. Bxf5+ Kc7 38. c4 a5 39. Bc2 Kc6 40. Kf1 Bc3 41. Ke2 Kc5 42. Kd3 Be5 43. h3 Kb4 44. Bb1 a4 45. Ba2 Ka3 0-1

[Event "Chigorin Memorial 21st"]
[Site "St Petersburg"]
[Date "2013.10.08"]
[Round "4"]
[White "Tseitlin, Mark D"]
[Black "Hairapetian, Anna"]
[Result "1-0"]
[WhiteElo "2399"]
[BlackElo "2227"]
[PlyCount "61"]
[EventDate "2013.10.05"]
[EventType "swiss"]
[EventRounds "9"]
[EventCountry "RUS"]
[SourceTitle "CBM 156 Extra"]
[Source "ChessBase"]
[SourceDate "2013.10.22"]
[SourceVersion "1"]
[SourceVersionDate "2013.10.22"]
[SourceQuality "1"]

1. e4 c5 2. Nf3 d6 3. d4 cxd4 4. Nxd4 Nf6 5. Nc3 g6 6. Be3 Bg7 7. f3 Nc6 8. Qd2 0-0 9. 0-0-0 Nxd4 10. Bxd4 Be6 11. h4 Qa5 12. a3 Rfc8 13. h5 Nxh5 14. Bxg7 Nxg7 15. Qh6 f6 16. Nd5 Bxd5 17. exd5 Kf7 18. Bd3 Rh8 19. Rh4 Rad8 20. Rg4 f5 21. Rb4 Qc7 22. g4 Qd7 23. Re1 Rdf8 24. gxf5 gxf5 25. Rf4 Rfg8 26. Rg1 e5 27. dxe6+ Nxe6 28. Rxf5+ Ke7 29. Rxg8 Rxg8 30. Qf6+ Ke8 31. Bb5 1-0

[Event "EU-chT Seniors 15th"]
[Site "Dresden"]
[Date "2013.07.27"]
[Round "8"]
[White "Wahlbom, Magnus"]
[Black "Tseitlin, Mark D"]
[Result "1-0"]
[WhiteElo "2284"]
[BlackElo "2388"]
[PlyCount "101"]
[EventDate "2013.07.20"]
[EventType "team-swiss"]
[EventRounds "9"]
[EventCountry "GER"]
[SourceTitle "CBM 155 Extra"]
[Source "ChessBase"]
[SourceDate "2013.08.26"]
[SourceVersion "1"]
[SourceVersionDate "2013.08.26"]
[SourceQuality "1"]
[WhiteTeam "Sweden"]
[BlackTeam "Israel"]
[WhiteTeamCountry "SWE"]
[BlackTeamCountry "ISR"]

1. e4 c5 2. Nf3 d6 3. d4 cxd4 4. Nxd4 Nf6 5. Nc3 a6 6. Bg5 Nbd7 7. Bc4 Qa5 8. Qd2 e6 9. 0-0-0 b5 10. Bb3 b4 11. Nd5 Bb7 12. Rhe1 0-0-0 13. Nxb4 Nc5 14. Ndc6 Bxc6 15. Nxc6 Nxb3+ 16. cxb3 Qxd2+ 17. Rxd2 Rd7 18. Rc2 Rc7 19. Kb1 Kd7 20. Rec1 Ke8 21. f3 Nd7 22. Nb4 Rxc2 23. Rxc2 Nc5 24. Be3 Kd7 25. Bxc5 dxc5 26. Nxa6 Bd6 27. Nxc5+ Ke7 28. h3 g5 29. b4 Rb8 30. Rc4 h5 31. a4 g4 32. hxg4 hxg4 33. b5 g3 34. Nd3 f6 35. Rc6 Rh8 36. b6 Kd7 37. Rc4 Rh2 38. Rc2 Rh1+ 39. Ka2 Rd1 40. Nc5+ Kc6 41. a5 Kb5 42. b7 Bb8 43. b4 Be5 44. Nxe6 Ra1+ 45. Kb3 Rb1+ 46. Ka3 Ra1+ 47. Ra2 Re1 48. Rd2 Re3+ 49. Ka2 Re1 50. Rd5+ Ka4 51. Nc5+ 1-0

[Event "EU-chT Seniors 15th"]
[Site "Dresden"]
[Date "2013.07.25"]
[Round "6"]
[White "Tseitlin, Mark D"]
[Black "Sloth, Jorn"]
[Result "1-0"]
[WhiteElo "2388"]
[BlackElo "2342"]
[PlyCount "49"]
[EventDate "2013.07.20"]
[EventType "team-swiss"]
[EventRounds "9"]
[EventCountry "GER"]
[SourceTitle "CBM 155 Extra"]
[Source "ChessBase"]
[SourceDate "2013.08.26"]
[SourceVersion "1"]
[SourceVersionDate "2013.08.26"]
[SourceQuality "1"]
[WhiteTeam "Israel"]
[BlackTeam "Denmark"]
[WhiteTeamCountry "ISR"]
[BlackTeamCountry "DEN"]

1. e4 e6 2. d4 d5 3. Nd2 c5 4. Ngf3 a6 5. dxc5 Bxc5 6. Bd3 Nf6 7. Qe2 Nc6 8. a3 Qc7 9. 0-0 h6 10. exd5 Nxd5 11. Ne4 Be7 12. g3 f5 13. Ned2 e5 14. Re1 e4 15. Nxe4 fxe4 16. Bxe4 Qd6 17. c4 Nb6 18. c5 Qxc5 19. Be3 Qb5 20. Bxb6 Qxe2 21. Rxe2 0-0 22. Bd5+ Kh8 23. Bxc6 bxc6 24. Rxe7 Rxf3 25. Bd4 1-0

[Event "EU-chT Seniors 15th"]
[Site "Dresden"]
[Date "2013.07.23"]
[Round "4"]
[White "Tseitlin, Mark D"]
[Black "Schulze, Ulrich"]
[Result "1-0"]
[WhiteElo "2388"]
[BlackElo "2316"]
[PlyCount "47"]
[EventDate "2013.07.20"]
[EventType "team-swiss"]
[EventRounds "9"]
[EventCountry "GER"]
[SourceTitle "CBM 155 Extra"]
[Source "ChessBase"]
[SourceDate "2013.08.26"]
[SourceVersion "1"]
[SourceVersionDate "2013.08.26"]
[SourceQuality "1"]
[WhiteTeam "Israel"]
[BlackTeam "Germany"]
[WhiteTeamCountry "ISR"]
[BlackTeamCountry "GER"]

1. e4 Nf6 2. e5 Nd5 3. Nc3 Nxc3 4. bxc3 d6 5. f4 g6 6. d4 Bg7 7. Nf3 0-0 8. Bc4 c5 9. 0-0 d5 10. Be2 Qa5 11. Bd2 Qc7 12. h3 b6 13. Be3 Ba6 14. Bd3 e6 15. Ng5 Bxd3 16. cxd3 cxd4 17. cxd4 Nc6 18. g4 Ne7 19. Qe1 Rac8 20. Qh4 h6 21. Nf3 Qd7 22. f5 exf5 23. Bxh6 fxg4 24. Bxg7 1-0